00461nam a22001337a 4500008004100000040005500041080002800096245008900124260004800213300001000261650001400271653001300285700002900298230705b |||||||| |||| 00| 0 eng d aNational Science LibrarycNational Science Library a615.2/.3:616.936bM1;M6 aChemotherapy of malaria c/ Organisation for Economics Co-operation and Development  aGeneva: bWorld Health Organization, c1986 a261p. aDiseases  aScience  aChwatt-Bruce, L J (Ed.)